[Event "HUN-chT U18"]
[Site "Budapest"]
[Date "2019.10.29"]
[Round "7.3"]
[White "Tapodi, Norman Lajos"]
[Black "Juhasz, Agoston Botond"]
[Result "1/2-1/2"]
[WhiteElo "2102"]
[BlackElo "2115"]
[PlyCount "65"]
[EventDate "2019.10.26"]
[EventType "team-swiss"]
[EventRounds "7"]
[EventCountry "HUN"]
[SourceTitle "CBM 192 Extra"]
[Source "Chessbase"]
[SourceDate "2019.11.06"]
[SourceVersion "1"]
[SourceVersionDate "2019.11.06"]
[SourceQuality "1"]
[WhiteTeam "Meritum Egyesuelet"]
[BlackTeam "Budapest MTK"]
[WhiteTeamCountry "HUN"]
[BlackTeamCountry "HUN"]

1. d4 Nf6 2. c4 b6 3. Nc3 Bb7 4. f3 d5 5. cxd5 Nxd5 6. e4 Nxc3 7. bxc3 e6 8. Be3 Be7 9. Bb5+ c6 10. Bd3 0-0 11. Ne2 c5 12. 0-0 cxd4 13. cxd4 Nc6 14. Qa4 Nb4 15. Rfd1 Nxd3 16. Rxd3 Qd6 17. Bf4 Qc6 18. Qxc6 Bxc6 19. Rc3 Bb5 20. Kf2 Rfc8 21. Rac1 Rxc3 22. Rxc3 Kf8 23. Rc7 Bd8 24. Rc1 Bd7 25. Ke3 b5 26. Bd6+ Ke8 27. Rc2 Bb6 28. Nc1 f6 29. f4 Rc8 30. Rxc8+ Bxc8 31. Nb3 a5 32. a3 g6 33. Kd3 1/2-1/2

[Event "HUN-chT U18"]
[Site "Budapest"]
[Date "2019.10.28"]
[Round "5.3"]
[White "Tapodi, Norman Lajos"]
[Black "Pribelszky, Bence"]
[Result "1-0"]
[WhiteElo "2102"]
[BlackElo "2191"]
[PlyCount "73"]
[EventDate "2019.10.26"]
[EventType "team-swiss"]
[EventRounds "7"]
[EventCountry "HUN"]
[SourceTitle "CBM 192 Extra"]
[Source "Chessbase"]
[SourceDate "2019.11.06"]
[SourceVersion "1"]
[SourceVersionDate "2019.11.06"]
[SourceQuality "1"]
[WhiteTeam "Meritum Egyesuelet"]
[BlackTeam "Miskolc Kisbocsok"]
[WhiteTeamCountry "HUN"]
[BlackTeamCountry "HUN"]

1. d4 Nf6 2. c4 g6 3. Nc3 Bg7 4. e4 d6 5. f3 0-0 6. Be3 Na6 7. Qd2 c5 8. d5 Nc7 9. Nge2 a6 10. a4 Rb8 11. a5 b5 12. axb6 Rxb6 13. g4 Nd7 14. Ng3 Ne5 15. Be2 Qe8 16. h4 f5 17. gxf5 gxf5 18. f4 Ng4 19. Bxg4 fxg4 20. h5 Bh6 21. 0-0 Rb4 22. f5 Rxb2 23. Qxb2 Bxe3+ 24. Kg2 Bd4 25. Qd2 Qf7 26. Rab1 Ne8 27. Nce2 Be5 28. Nf4 Nf6 29. h6 Kh8 30. Rb8 Rg8 31. Rfb1 Nxe4 32. Nxe4 Qxf5 33. Ng3 Qxf4 34. Qxf4 Bxf4 35. Ra8 Bxg3 36. Rbb8 Be6 37. dxe6 1-0

[Event "HUN-ch U16"]
[Site "Balatonlelle"]
[Date "2019.06.24"]
[Round "5"]
[White "Palczert, Botond"]
[Black "Tapodi, Norman Lajos"]
[Result "1/2-1/2"]
[WhiteElo "2068"]
[BlackElo "2043"]
[PlyCount "30"]
[EventDate "2019.06.21"]
[EventType "swiss"]
[EventRounds "9"]
[EventCountry "HUN"]
[SourceTitle "CBM 191 Extra"]
[Source "ChessBase"]
[SourceDate "2019.09.30"]
[SourceVersion "1"]
[SourceVersionDate "2019.09.30"]
[SourceQuality "1"]

1. d4 Nf6 2. c4 e6 3. Nc3 Bb4 4. Qc2 c5 5. e3 0-0 6. a3 Bxc3+ 7. bxc3 d6 8. Nf3 Nc6 9. Bd3 h6 10. 0-0 e5 11. Bb2 Re8 12. Nd2 Qe7 13. Ne4 Nxe4 14. Bxe4 Rf8 15. Bxc6 bxc6 1/2-1/2

[Event "HUN-ch U16"]
[Site "Balatonlelle"]
[Date "2019.06.23"]
[Round "3"]
[White "Varga, Boldizsar"]
[Black "Tapodi, Norman Lajos"]
[Result "0-1"]
[WhiteElo "1804"]
[BlackElo "2043"]
[PlyCount "42"]
[EventDate "2019.06.21"]
[EventType "swiss"]
[EventRounds "9"]
[EventCountry "HUN"]
[SourceTitle "CBM 191 Extra"]
[Source "ChessBase"]
[SourceDate "2019.09.30"]
[SourceVersion "1"]
[SourceVersionDate "2019.09.30"]
[SourceQuality "1"]

1. d4 Nf6 2. c4 e6 3. Nc3 Bb4 4. e3 0-0 5. Nge2 c6 6. a3 Ba5 7. Bd2 d5 8. cxd5 exd5 9. Nf4 Re8 10. Be2 Nbd7 11. b4 Bc7 12. Nd3 b6 13. Qb3 Bb7 14. Na4 Ne4 15. Rc1 Qf6 16. Bg4 Rad8 17. Bxd7 Rxd7 18. b5 Rdd8 19. bxc6 Ba6 20. f3 Qh4+ 21. g3 Nxg3 0-1

[Event "HUN-chT2 Toth 1819"]
[Site "Hungary"]
[Date "2019.04.28"]
[Round "11.6"]
[White "Nagy, Jozsef"]
[Black "Tapodi, Norman Lajos"]
[Result "0-1"]
[WhiteElo "1922"]
[BlackElo "1940"]
[PlyCount "74"]
[EventDate "2018.09.23"]
[EventType "team-tourn"]
[EventRounds "11"]
[EventCountry "HUN"]
[SourceTitle "EXT 2021"]
[Source "ChessBase"]
[SourceDate "2020.10.23"]
[SourceVersion "1"]
[SourceVersionDate "2020.10.23"]
[SourceQuality "1"]
[WhiteTeam "Felegyhaza Csongrad"]
[BlackTeam "Szeged Meritum"]
[WhiteTeamCountry "HUN"]
[BlackTeamCountry "HUN"]

1. d4 Nf6 2. c4 e6 3. Nf3 b6 4. e3 Bb7 5. Be2 Bb4+ 6. Bd2 Be7 7. Nc3 0-0 8. 0-0 c5 9. a3 d5 10. dxc5 bxc5 11. Qb3 Qc7 12. Rfd1 Rd8 13. Nb5 Qb6 14. a4 a5 15. Bc3 Ne4 16. Be5 Na6 17. Qc2 f6 18. Bg3 Nb4 19. Qb3 Rd7 20. Rac1 Rad8 21. Nd2 Nxg3 22. hxg3 d4 23. e4 d3 24. Bf3 g6 25. Bg4 f5 26. exf5 gxf5 27. Bf3 e5 28. Bxb7 Qxb7 29. Re1 e4 30. Qd1 Bg5 31. f4 Bf6 32. Qh5 Rf7 33. b3 Nc2 34. Kf2 e3+ 35. Rxe3 Nxe3 36. Kxe3 Qxg2 37. Nf3 Qe2# 0-1

[Event "HUN-chT2 Toth 1819"]
[Site "Hungary"]
[Date "2019.03.10"]
[Round "9.6"]
[White "Tapodi, Norman Lajos"]
[Black "Banyai, Istvan"]
[Result "1-0"]
[WhiteElo "1940"]
[BlackElo "1967"]
[PlyCount "95"]
[EventDate "2018.09.23"]
[EventType "team-tourn"]
[EventRounds "11"]
[EventCountry "HUN"]
[SourceTitle "EXT 2021"]
[Source "ChessBase"]
[SourceDate "2020.10.23"]
[SourceVersion "1"]
[SourceVersionDate "2020.10.23"]
[SourceQuality "1"]
[WhiteTeam "Szeged Meritum"]
[BlackTeam "Gyula"]
[WhiteTeamCountry "HUN"]
[BlackTeamCountry "HUN"]

1. d4 d5 2. c4 c6 3. Nf3 e6 4. Nc3 Nf6 5. e3 Nbd7 6. Qc2 Bd6 7. g4 h6 8. Rg1 Qe7 9. h4 dxc4 10. Bxc4 Nb6 11. Bd3 Nfd5 12. a3 Nxc3 13. bxc3 e5 14. Bb2 exd4 15. cxd4 Be6 16. e4 Bf4 17. a4 f6 18. h5 0-0 19. Nh4 Bf7 20. Ba3 Qd7 21. a5 Qxd4 22. Bb2 Qb4+ 23. Bc3 Qc5 24. axb6 axb6 25. Ke2 Rfd8 26. Kf3 Rxa1 27. Rxa1 Qd6 28. Rd1 Bg5 29. e5 Bd5+ 30. Ke2 fxe5 31. Nf5 Qe6 32. Be4 Bc4+ 33. Kf3 Bd5 34. Kg2 Ra8 35. Bxd5 cxd5 36. Qb3 Bf4 37. Kh3 Kh7 38. f3 Rd8 39. Bd2 Bxd2 40. Rxd2 e4 41. Qe3 Rc8 42. Qd4 Rc7 43. f4 g6 44. hxg6+ Qxg6 45. Qe5 Rd7 46. Rc2 h5 47. g5 Rf7 48. Nh4 1-0

[Event "HUN-chT2 Toth 1819"]
[Site "Hungary"]
[Date "2018.12.02"]
[Round "5.6"]
[White "Tapodi, Norman Lajos"]
[Black "Bogdany, Gabor"]
[Result "1/2-1/2"]
[WhiteElo "1940"]
[BlackElo "2005"]
[PlyCount "88"]
[EventDate "2018.09.23"]
[EventType "team-tourn"]
[EventRounds "11"]
[EventCountry "HUN"]
[SourceTitle "EXT 2021"]
[Source "ChessBase"]
[SourceDate "2020.10.23"]
[SourceVersion "1"]
[SourceVersionDate "2020.10.23"]
[SourceQuality "1"]
[WhiteTeam "Szeged Meritum"]
[BlackTeam "Oroshaza"]
[WhiteTeamCountry "HUN"]
[BlackTeamCountry "HUN"]

1. d4 Nf6 2. c4 e6 3. Nc3 d5 4. Nf3 c6 5. e3 Nbd7 6. Bd3 dxc4 7. Bxc4 b5 8. Bd3 a6 9. e4 c5 10. 0-0 cxd4 11. Nxd4 Bc5 12. Nb3 Bb7 13. Qe2 Qb6 14. Bc2 e5 15. a4 b4 16. a5 Qc6 17. Na4 0-0 18. Kh1 Rac8 19. f3 Be7 20. Bd3 Qe6 21. Nd2 Nc5 22. Bc4 Qc6 23. Nb6 Rcd8 24. b3 Bd6 25. Bb2 Bc7 26. Nd5 Qd6 27. f4 Nxd5 28. fxe5 Qe6 29. exd5 Bxd5 30. Qe3 Bxc4 31. Nxc4 Rd5 32. Rf3 Nd3 33. Bd4 Nxe5 34. Bxe5 Bxe5 35. Raf1 Rfd8 36. Qe2 Bf6 37. Re3 Qc6 38. Re1 g6 39. Qf3 Bc3 40. Rg1 Rc5 41. Rd3 Rxd3 42. Qxd3 Qd5 43. Qe3 Bf6 44. Qe1 Rb5 1/2-1/2

[Event "HUN-chT2 Toth 1819"]
[Site "Hungary"]
[Date "2018.09.23"]
[Round "1.2"]
[White "Visnyei, Illes"]
[Black "Tapodi, Norman Lajos"]
[Result "0-1"]
[WhiteElo "1984"]
[BlackElo "1940"]
[PlyCount "88"]
[EventDate "2018.09.23"]
[EventType "team-tourn"]
[EventRounds "11"]
[EventCountry "HUN"]
[SourceTitle "EXT 2021"]
[Source "ChessBase"]
[SourceDate "2020.10.23"]
[SourceVersion "1"]
[SourceVersionDate "2020.10.23"]
[SourceQuality "1"]
[WhiteTeam "Bekes"]
[BlackTeam "Szeged Meritum"]
[WhiteTeamCountry "HUN"]
[BlackTeamCountry "HUN"]

1. d4 Nf6 2. e3 c5 3. Bd3 Nc6 4. c3 e6 5. Nd2 Qc7 6. Ne4 Nxe4 7. Bxe4 d5 8. Bd3 Bd6 9. Qg4 0-0 10. Qh4 f5 11. f4 Rf6 12. Nf3 Rh6 13. Qf2 cxd4 14. cxd4 Nb4 15. Qd2 a5 16. a3 b6 17. Bb1 Ba6 18. Kf2 Nc6 19. Bd3 Qb7 20. b3 a4 21. b4 Bc4 22. Bb2 b5 23. Rac1 Qe7 24. Bc3 Nd8 25. Bb1 Nf7 26. g3 g5 27. h3 Rf8 28. Bd3 Bb8 29. Qc2 Rc8 30. Bxc4 Rxc4 31. Qd3 gxf4 32. gxf4 Nd6 33. Rhg1+ Kh8 34. Nd2 Qh4+ 35. Rg3 Rg6 36. Rcg1 Bc7 37. Bb2 Bd8 38. R1g2 Be7 39. Rg1 Bf6 40. R1g2 Bd8 41. Rg1 Bf6 42. R1g2 Rc8 43. Nf3 Ne4+ 44. Kg1 Qxg3 0-1

[Event "HUN-chT2 Toth 1718"]
[Site "Hungary"]
[Date "2018.03.04"]
[Round "9.6"]
[White "Tapodi, Norman Lajos"]
[Black "Papp, Zoltan"]
[Result "1-0"]
[WhiteElo "1869"]
[BlackElo "1894"]
[PlyCount "123"]
[EventDate "2017.09.24"]
[EventType "team-tourn"]
[EventRounds "11"]
[EventCountry "HUN"]
[SourceTitle "EXT 2021"]
[Source "ChessBase"]
[SourceDate "2020.10.23"]
[SourceVersion "1"]
[SourceVersionDate "2020.10.23"]
[SourceQuality "1"]
[WhiteTeam "Szeged Meritum"]
[BlackTeam "Kecskemet Toth Laszlo II"]
[WhiteTeamCountry "HUN"]
[BlackTeamCountry "HUN"]

1. d4 d5 2. c4 c6 3. Nf3 Nf6 4. Nc3 Bf5 5. e3 e6 6. Be2 Bd6 7. 0-0 Nbd7 8. Re1 Ne4 9. Nxe4 Bxe4 10. Bd2 0-0 11. Rc1 Re8 12. Bc3 h6 13. Nd2 Nf6 14. f3 Bg6 15. Bf1 Qc7 16. g3 Rad8 17. Bg2 h5 18. c5 Be7 19. Qa4 Qb8 20. b4 a6 21. Qa3 Nd7 22. e4 dxe4 23. fxe4 Bg5 24. Rcd1 Nf6 25. Nf3 Bh6 26. Ne5 Bh7 27. Bf3 Re7 28. Nc4 h4 29. Kg2 hxg3 30. hxg3 Bg6 31. Nd6 Bh5 32. Bd2 Bxd2 33. Rxd2 Bg6 34. Qe3 b6 35. Qg5 Ra7 36. a3 a5 37. cxb6 Qxb6 38. Nc4 Qb5 39. Qxb5 cxb5 40. Nxa5 Rc8 41. Re3 Rac7 42. Kf2 Kf8 43. Ke2 Nd7 44. Kf2 Nb6 45. Be2 Nc4 46. Nxc4 bxc4 47. Bf3 f5 48. Rc3 fxe4 49. Be2 Ke7 50. Ke3 Kd6 51. Rdc2 Kd5 52. b5 Be8 53. Rb2 Rb7 54. a4 Ra7 55. Rb4 e5 56. Bxc4+ Kd6 57. dxe5+ Kxe5 58. Ra3 Bf7 59. b6 Rb7 60. Ba6 Bd5 61. Bxb7 Bxb7 62. a5 1-0

[Event "HUN-chT2 Toth 1718"]
[Site "Hungary"]
[Date "2017.12.17"]
[Round "6.6"]
[White "Tapodi, Norman Lajos"]
[Black "Csikos, Mihaly"]
[Result "1-0"]
[WhiteElo "1869"]
[BlackElo "2060"]
[PlyCount "59"]
[EventDate "2017.09.24"]
[EventType "team-tourn"]
[EventRounds "11"]
[EventCountry "HUN"]
[SourceTitle "EXT 2021"]
[Source "ChessBase"]
[SourceDate "2020.10.23"]
[SourceVersion "1"]
[SourceVersionDate "2020.10.23"]
[SourceQuality "1"]
[WhiteTeam "Szeged Meritum"]
[BlackTeam "Mako Duocor II"]
[WhiteTeamCountry "HUN"]
[BlackTeamCountry "HUN"]

1. d4 Nf6 2. c4 e6 3. Nc3 Bb4 4. Qc2 c5 5. e3 Nc6 6. Nf3 d5 7. a3 Bxc3+ 8. bxc3 0-0 9. Bd3 a6 10. Ne5 dxc4 11. Bxc4 cxd4 12. Nxc6 bxc6 13. cxd4 e5 14. Bb2 exd4 15. Bxd4 h6 16. 0-0 Re8 17. Rfd1 Be6 18. Bf1 Bd5 19. f3 Rb8 20. Qc3 Rb3 21. Bxf6 Qc8 22. Qd4 gxf6 23. e4 Be6 24. Qxf6 c5 25. f4 c4 26. f5 Bd7 27. Qxh6 Qc5+ 28. Kh1 Bc6 29. Rd6 Bxe4 30. f6 1-0

[Event "HUN-chT2 Toth 1617"]
[Site "Hungary"]
[Date "2016.12.11"]
[Round "6.9"]
[White "Tapodi, Norman Lajos"]
[Black "Rab, Janos"]
[Result "1/2-1/2"]
[WhiteElo "1660"]
[BlackElo "1805"]
[PlyCount "92"]
[EventDate "2016.09.25"]
[EventType "team-tourn"]
[EventRounds "11"]
[EventCountry "HUN"]
[SourceTitle "EXT 2021"]
[Source "ChessBase"]
[SourceDate "2020.10.23"]
[SourceVersion "1"]
[SourceVersionDate "2020.10.23"]
[SourceQuality "1"]
[WhiteTeam "Szeged Meritum"]
[BlackTeam "Karcag"]
[WhiteTeamCountry "HUN"]
[BlackTeamCountry "HUN"]

1. Nf3 d5 2. d4 Nf6 3. c4 e6 4. Nc3 Be7 5. Bg5 h6 6. Bxf6 Bxf6 7. e3 0-0 8. cxd5 exd5 9. Be2 c6 10. 0-0 Bf5 11. Qb3 Qb6 12. Rac1 Nd7 13. Na4 Qxb3 14. axb3 Nb6 15. Nc5 Rab8 16. Ne1 Rfe8 17. Bd3 Bxd3 18. Nexd3 Re7 19. Rfe1 Rbe8 20. Kf1 Nc8 21. b4 Nd6 22. b3 g5 23. Rc2 Kg7 24. Rce2 Ne4 25. Nxe4 Rxe4 26. Rc2 a6 27. Nc5 R4e7 28. Rd1 Kg6 29. Ke2 Rc7 30. Kd3 Be7 31. Ra1 f5 32. Ne6 Rcc8 33. Nc5 Bxc5 34. bxc5 Re7 35. Re2 Rce8 36. Rae1 Re4 37. f3 R4e7 38. h3 h5 39. e4 dxe4+ 40. fxe4 fxe4+ 41. Rxe4 Rxe4 42. Rxe4 Rf8 43. Re2 Rf4 44. Re7 Rf7 45. Re2 Rf4 46. Re7 Rf7 1/2-1/2

[Event "HUN-chT2 Toth 1617"]
[Site "Hungary"]
[Date "2016.10.30"]
[Round "3.11"]
[White "B Nagy, Roland"]
[Black "Tapodi, Norman Lajos"]
[Result "0-1"]
[WhiteElo "1493"]
[BlackElo "1660"]
[PlyCount "82"]
[EventDate "2016.09.25"]
[EventType "team-tourn"]
[EventRounds "11"]
[EventCountry "HUN"]
[SourceTitle "EXT 2021"]
[Source "ChessBase"]
[SourceDate "2020.10.23"]
[SourceVersion "1"]
[SourceVersionDate "2020.10.23"]
[SourceQuality "1"]
[WhiteTeam "Kecskemet Takisz"]
[BlackTeam "Szeged Meritum"]
[WhiteTeamCountry "HUN"]
[BlackTeamCountry "HUN"]

1. e4 e6 2. Nc3 d5 3. exd5 exd5 4. d4 Nf6 5. Nf3 Bd6 6. Bg5 c6 7. h3 0-0 8. Qd2 Re8+ 9. Be2 h6 10. Bxf6 Qxf6 11. g3 Qxf3 12. 0-0-0 Qf6 13. Bd3 Bf5 14. Bxf5 Qxf5 15. Rde1 Na6 16. a3 Nc7 17. Rxe8+ Rxe8 18. Re1 Rxe1+ 19. Qxe1 Ne6 20. Ne2 Qe4 21. c3 c5 22. Qd2 b5 23. dxc5 Nxc5 24. Nd4 Be5 25. f3 Qd3 26. Qxd3 Nxd3+ 27. Kc2 Bxd4 28. Kxd3 Bb6 29. b3 Kf8 30. c4 dxc4+ 31. bxc4 bxc4+ 32. Kxc4 Ke7 33. Kd5 Kd7 34. g4 a5 35. a4 Bf2 36. f4 Bg3 37. Ke4 Kc6 38. g5 Kc5 39. gxh6 gxh6 40. f5 Bh4 41. Kd3 Kd5 0-1

[Event "HUN-chT2 Toth 1617"]
[Site "Hungary"]
[Date "2016.09.25"]
[Round "1.11"]
[White "Diamant, Tibor"]
[Black "Tapodi, Norman Lajos"]
[Result "0-1"]
[WhiteElo "1996"]
[BlackElo "1660"]
[PlyCount "88"]
[EventDate "2016.09.25"]
[EventType "team-tourn"]
[EventRounds "11"]
[EventCountry "HUN"]
[SourceTitle "EXT 2021"]
[Source "ChessBase"]
[SourceDate "2020.10.23"]
[SourceVersion "1"]
[SourceVersionDate "2020.10.23"]
[SourceQuality "1"]
[WhiteTeam "Mako Duocor II"]
[BlackTeam "Szeged Meritum"]
[WhiteTeamCountry "HUN"]
[BlackTeamCountry "HUN"]

1. e4 e6 2. d4 d5 3. Nc3 Bb4 4. e5 c5 5. a3 Bxc3+ 6. bxc3 Ne7 7. Qg4 Ng6 8. Bd3 Qc7 9. Ne2 b6 10. 0-0 Ba6 11. Be3 c4 12. Bxg6 hxg6 13. h3 Nc6 14. Bg5 Ne7 15. Nf4 Nf5 16. Qd1 Kd7 17. Re1 Rae8 18. g3 Rhf8 19. Ne2 Bb7 20. Bf4 Rh8 21. h4 Qd8 22. Kf1 Nxh4 23. Ng1 g5 24. gxh4 gxf4 25. Nf3 f6 26. Ke2 Kc8 27. Rg1 Reg8 28. Rg6 Bc6 29. Qd2 Be8 30. Rg4 Bh5 31. Rxf4 fxe5 32. dxe5 Rf8 33. Rg1 Rxf4 34. Qxf4 Rf8 35. Qg5 Bxf3+ 36. Ke1 Qxg5 37. Rxg5 Rf7 38. Kd2 Be4 39. Ke3 Rf3+ 40. Ke2 Rf7 41. Ke3 g6 42. h5 gxh5 43. Rxh5 Rf3+ 44. Ke2 Rxc3 0-1

[Event "HUN-chT U10"]
[Site "Budapest"]
[Date "2015.08.27"]
[Round "3.1"]
[White "Kozsik, Bende Barnabas"]
[Black "Tapodi, Norman Lajos"]
[Result "1/2-1/2"]
[WhiteElo "1736"]
[BlackElo "1536"]
[PlyCount "79"]
[EventDate "2015.08.26"]
[EventType "team-swiss"]
[EventRounds "8"]
[EventCountry "HUN"]
[SourceTitle "EXT 2016"]
[Source "ChessBase"]
[SourceDate "2015.10.08"]
[SourceVersion "1"]
[SourceVersionDate "2015.10.08"]
[SourceQuality "1"]

1. e4 e5 2. Nc3 Nf6 3. f4 d5 4. fxe5 Nxe4 5. Qf3 Nc6 6. Bb5 Nxc3 7. dxc3 Qh4+ 8. g3 Qe4+ 9. Qxe4 dxe4 10. Bxc6+ bxc6 11. Be3 Be7 12. Ne2 c5 13. c4 Bg4 14. Rf1 c6 15. Rf4 Bf3 16. Ng1 g5 17. Rf5 Bg4 18. Rf2 0-0 19. h3 Be6 20. b3 Rfd8 21. Bd2 Kg7 22. Ke2 Rd7 23. Ke3 Bd8 24. Bc3 Bc7 25. Ne2 Rad8 26. g4 Rd1 27. Rxd1 Rxd1 28. Kxe4 Rh1 29. Rf3 Rh2 30. Kd3 h5 31. Ng3 hxg4 32. hxg4 Bd8 33. Nf5+ Kg6 34. a4 Rg2 35. Rg3 Rxg3+ 36. Nxg3 Bxg4 37. Ke4 Bd1 38. Kd3 Bg4 39. Ke4 Bd1 40. Kd3 1/2-1/2

[Event "HUN-chT U10"]
[Site "Budapest"]
[Date "2015.08.27"]
[Round "2.7"]
[White "Tapodi, Norman Lajos"]
[Black "Nemeth, Aron"]
[Result "1/2-1/2"]
[WhiteElo "1536"]
[BlackElo "1287"]
[PlyCount "38"]
[EventDate "2015.08.26"]
[EventType "team-swiss"]
[EventRounds "8"]
[EventCountry "HUN"]
[SourceTitle "EXT 2016"]
[Source "ChessBase"]
[SourceDate "2015.10.08"]
[SourceVersion "1"]
[SourceVersionDate "2015.10.08"]
[SourceQuality "1"]

1. e4 c5 2. Nf3 d6 3. d4 cxd4 4. Nxd4 Nf6 5. Nc3 a6 6. f3 e6 7. Bd3 Be7 8. Nb3 b5 9. a3 Nbd7 10. Be3 Qc7 11. Qd2 Bb7 12. 0-0 Ne5 13. Qe2 Rc8 14. Rac1 Nc4 15. Bxc4 bxc4 16. Nd4 0-0 17. Rfd1 d5 18. exd5 Bxd5 19. Rb1 Rb8 1/2-1/2

[Event "HUN-chT U10"]
[Site "Budapest"]
[Date "2015.08.26"]
[Round "1.7"]
[White "Koller, Jozsef Denes"]
[Black "Tapodi, Norman Lajos"]
[Result "0-1"]
[WhiteElo "1097"]
[BlackElo "1536"]
[PlyCount "116"]
[EventDate "2015.08.26"]
[EventType "team-swiss"]
[EventRounds "8"]
[EventCountry "HUN"]
[SourceTitle "EXT 2016"]
[Source "ChessBase"]
[SourceDate "2015.10.08"]
[SourceVersion "1"]
[SourceVersionDate "2015.10.08"]
[SourceQuality "1"]

1. e4 e5 2. Nf3 Nc6 3. c3 d6 4. d4 exd4 5. cxd4 Bg4 6. d5 Bxf3 7. Qxf3 Ne5 8. Qb3 b6 9. Bb5+ Nd7 10. 0-0 Ngf6 11. Nc3 Be7 12. Bf4 0-0 13. Rfe1 Nc5 14. Qc2 a6 15. Bd3 Nxd3 16. Qxd3 b5 17. b4 Nd7 18. e5 dxe5 19. Bxe5 Nxe5 20. Rxe5 Bd6 21. Ree1 Qd7 22. Ne4 Rad8 23. Nxd6 Qxd6 24. Rec1 Qxd5 25. Qxd5 Rxd5 26. Rxc7 Rfd8 27. Rcc1 g6 28. g3 Rd2 29. Rcb1 Rc2 30. a4 Rdd2 31. axb5 axb5 32. Rf1 Rb2 33. Rab1 Kg7 34. h4 Kf6 35. Kg2 Ke5 36. Rfe1+ Kd6 37. Red1 Ke5 38. Re1+ Kd6 39. Red1 f5 40. Kf3 Ke5 41. Re1+ Kd4 42. Red1 Kc3 43. Rxb2 Rxd1 44. Re2 Rd7 45. Re1 Kxb4 46. Rb1+ Kc5 47. Rc1+ Kb6 48. Ke3 b4 49. f3 Kb5 50. g4 fxg4 51. fxg4 b3 52. Rf1 Kb4 53. Rf4+ Ka3 54. Ke4 b2 55. Rf3+ Ka2 56. Rf2 Ka1 57. Rf1+ b1Q+ 58. Rxb1+ Kxb1 0-1